000 00554nam a22001097a 4500
999 _c23660
_d23660
003 NUST
005 20170523130440.0
008 131227b xxu||||| |||| 00| 0 eng d
020 _a89165223
_cAvailable
040 _aDLC
_bDLC
_cRCMS
082 _a536.2 PAT
100 _aPatankar Suhas V
_91330
245 _aNumerical Heat Transfer and Fluid Flow
260 _aIndia
_bTaylor & Francis
_cc1980
300 _axiii,197,p:
_bill:
_c22,cm
538 _iShelf no 1 Row No 1
650 _a1.Heat Transmit ion 2. Fluid dynamics 3. Numerical analysis
_91331
856 _3Table of Content Only
942 _2ddc
_cBK